| 000 | 01385 a2200217 4500 | ||
|---|---|---|---|
| 001 | 13422 | ||
| 005 | 20260407155442.0 | ||
| 008 | 260407a1992 arg spa d | ||
| 003 | AR-UNSa-BCEJYS | ||
| 040 |
_aAR-UNSa-BCEJYS _bspa _cAR-UNSa-BCEJYS |
||
| 080 |
_a657.6 _xAuditoria (control interno) |
||
| 245 | 1 | 0 | _aInformes de auditoría |
| 020 | _a950-543-073-6 | ||
| 264 | 1 |
_aBuenos Aires : _bCangallo _c1992 |
|
| 300 |
_axvi, 387 p. _c22 cm. |
||
| 505 | _a1.Introducción - 2.Disposiciones normativas - 3.La federación internacional de contadores - 4.Las normas de auditoria - 5.Análisis del contenido de la resolución tecnica 7 - 6.El informe corto - 7.Opinión favorable sin salvedades - 8.Opinión favorable con salvedades(determinadas e indeterminadas) - 9.Abstención de opinión - 10.Opinión adversa - 11.Opinión parcial - 12.Opinión sobre estados contables consolidados - 13.Informe sobre estados contables de períodos indeterminados - 14.Negocios de único propietario - 15.Normas sobre informes de los organismos de control y ley 17.250 - 16.Informe extenso - 17.Informe para entidades sin fines de lucro - 18.Informes relacionados con obligaciones tributarias - 19.Informes especiales - 20.Certificaciones - 21.Informes sobre controles. | ||
| 942 | _cBK | ||
| 590 | _aniveau_biblio:m niveau_hierar:0 | ||
| 100 | 1 | _aCasal, Armando Miguel | |
| 700 | 1 | _aWainstein, Mario | |
| 999 |
_c522 _d522 |
||